[Event "GER-chT U20 Girls "]
[Site "Chemnitz"]
[Date "2009.12.29"]
[Round "6.3"]
[White "Biryuk, Svitlana"]
[Black "Heym, Alexandra"]
[Result "1-0"]
[WhiteElo "1135"]
[BlackElo "1206"]
[PlyCount "85"]
[EventDate "2009.12.27"]
[EventType "team-swiss"]
[EventRounds "7"]
[EventCountry "GER"]
[SourceTitle "EXT 2022"]
[Source "ChessBase"]
[SourceDate "2021.10.06"]
[SourceVersion "1"]
[SourceVersionDate "2021.10.06"]
[SourceQuality "1"]
[WhiteTeam "Duesseldorf SF 75 U20 Girls"]
[BlackTeam "Fichtelgebirge U20 Girls"]
[WhiteTeamCountry "GER"]
[BlackTeamCountry "GER"]

1. c4 d6 2. d4 g6 3. e4 Nf6 4. Nc3 Bg7 5. Bf4 0-0 6. Qd2 b6 7. Be2 Bb7 8. d5 c6 9. Bh6 cxd5 10. Bxg7 Kxg7 11. cxd5 Re8 12. Bc4 Qc8 13. Qe2 Nbd7 14. Bb5 e6 15. dxe6 Rxe6 16. Bxd7 Qxd7 17. f3 d5 18. Rd1 Rae8 19. Nh3 h6 20. 0-0 d4 21. Rfe1 Rd8 22. e5 d3 23. exf6+ Kxf6 24. Qd2 Rxe1+ 25. Rxe1 Kg7 26. Nf4 Qd4+ 27. Kf1 g5 28. Nh3 Kf8 29. Nf2 Re8 30. Rxe8+ Kxe8 31. Qxd3 Qxd3+ 32. Nxd3 Ba6 33. Ke2 f5 34. Ke3 f4+ 35. Kd4 Bxd3 36. Kxd3 Ke7 37. Ke4 Kf6 38. Nb5 a6 39. Nc7 Kf7 40. Nxa6 Ke6 41. b4 Kd6 42. b5 h5 43. Kf5 1-0